LEADER 04944nam 22006854a 450 001 9910780044303321 005 20220118191046.0 010 $a1-280-20601-2 010 $a9786610206018 010 $a0-306-47052-7 024 7 $a10.1007/b117617 035 $a(CKB)111056486608770 035 $a(EBL)3035687 035 $a(SSID)ssj0000129998 035 $a(PQKBManifestationID)11137298 035 $a(PQKBTitleCode)TC0000129998 035 $a(PQKBWorkID)10080489 035 $a(PQKB)10868192 035 $a(DE-He213)978-0-306-47052-3 035 $a(MiAaPQ)EBC3035687 035 $a(Au-PeEL)EBL3035687 035 $a(CaPaEBR)ebr10053002 035 $a(CaONFJC)MIL20601 035 $a(OCoLC)923696548 035 $a(PPN)237929031 035 $a(EXLCZ)99111056486608770 100 $a19990714d2000 uy 0 101 0 $aeng 135 $aurcn||||||||| 181 $ctxt 182 $cc 183 $acr 200 10$aContinuous-time delta-sigma modulators for high-speed A/D/ conversion$b[electronic resource] $etheory, practice, and fundamental performance limits /$fby James A. Cherry and W. Martin Snelgrove 205 $a1st ed. 2002. 210 $aBoston $cKluwer Academic Pub.$dc2000 215 $a1 online resource (280 p.) 225 1 $aKluwer international series in engineering and computer science ;$vSECS 521$aAnalog circuits and signal processing 300 $aDescription based upon print version of record. 311 $a0-7923-8625-6 320 $aIncludes bibliographical references (p. [233]-243) and index. 327 $aDelta-Sigma Modulation Concepts -- Designing Continuous-Time Modulators -- Delta?Sigma Modulator Implementation Issues -- Excess Loop Delay -- Clock Jitter and Quantizer Metastability -- A High-Speed Band Pass ??M Design Procedure -- A 4GHZ Fourth-Order Band Pass ? ?M -- Conclusions. 330 $aAmong analog-to-digital converters, the delta-sigma modulator has cornered the market on high to very high resolution converters at moderate speeds, with typical applications such as digital audio and instrumentation. Interest has recently increased in delta-sigma circuits built with a continuous-time loop filter rather than the more common switched-capacitor approach. Continuous-time delta-sigma modulators offer less noisy virtual ground nodes at the input, inherent protection against signal aliasing, and the potential to use a physical rather than an electrical integrator in the first stage for novel applications like accelerometers and magnetic flux sensors. More significantly, they relax settling time restrictions so that modulator clock rates can be raised. This opens the possibility of wideband (1 MHz or more) converters, possibly for use in radio applications at an intermediate frequency so that one or more stages of mixing might be done in the digital domain. Continuous-Time Delta-Sigma Modulators for High-Speed A/D Conversion: Theory, Practice and Fundamental Performance Limits covers all aspects of continuous-time delta-sigma modulator design, with particular emphasis on design for high clock speeds. The authors explain the ideal design of such modulators in terms of the well-understood discrete-time modulator design problem and provide design examples in Matlab. They also cover commonly-encountered non-idealities in continuous-time modulators and how they degrade performance, plus a wealth of material on the main problems (feedback path delays, clock jitter, and quantizer metastability) in very high-speed designs and how to avoid them. They also give a concrete design procedure for a real high-speed circuit which illustrates the tradeoffs in the selection of key parameters. Detailed circuit diagrams, simulation results and test results for an integrated continuous-time 4 GHz band-pass modulator for A/D conversion of 1 GHz analog signals are also presented. Continuous-Time Delta-Sigma Modulators for High-Speed A/D Conversion: Theory, Practice and Fundamental Performance Limits concludes with some promising modulator architectures and a list of the challenges that remain in this exciting field. 410 0$aKluwer international series in engineering and computer science ;$vSECS 521. 410 0$aKluwer international series in engineering and computer science.$pAnalog circuits and signal processing. 606 $aAnalog-to-digital converters 606 $aModulators (Electronics) 606 $aContinuous-time filters 615 0$aAnalog-to-digital converters. 615 0$aModulators (Electronics) 615 0$aContinuous-time filters. 676 $a621.3815/36 700 $aCherry$b James A.$f1970-$01569439 701 $aSnelgrove$b W. Martin$f1954-$01569440 801 0$bMiAaPQ 801 1$bMiAaPQ 801 2$bMiAaPQ 906 $aBOOK 912 $a9910780044303321 996 $aContinuous-time delta-sigma modulators for high-speed A$93842362 997 $aUNINA LEADER 04588oam 2200709 a 450 001 9910793380203321 005 20231211232909.0 010 $a1-9751-0849-3 010 $a1-4963-7999-3 035 $a(CKB)4100000007110041 035 $a(Au-PeEL)EBL5829233 035 $a(OCoLC)1114968405 035 $a(DLC) 2017058722 035 $a(DLC)9781496379986 035 $a(MiAaPQ)EBC5829233 035 $a(EXLCZ)994100000007110041 100 $a20171207d2019 uy 0 101 0 $aeng 135 $aurcnu|||||||| 181 $ctxt$2rdacontent 182 $cc$2rdamedia 183 $acr$2rdacarrier 200 10$aHigh-risk & critical care obstetrics /$fsenior editor, Nan H. Troiano ; editors, Patricia M. Witcher, Suzanne McMurtry Baird 205 $aFourth edition. 210 1$aPhiladelphia :$cWolters Kluwer,$d[2019] 215 $a1 online resource (xvii, 426 pages) $cillustrations 300 $aPreceded by: High-risk & critical care obstetrics / editors, Nan H. Troiano, Carol J. Harvey, Bonnie Flood Chez. 3rd ed. c2013. 311 0 $a1-4963-7998-5 320 $aIncludes bibliographical references and index. 327 $aMaternal morbidity and mortality / Patricia M. Witcher and Michael Lindsey -- Improving maternal outcomes / Patricia M. Witcher, Cynthia Chazott, and Bonnie Flood Chez -- Critical care obstetric capabilities : development strategies / Suzanne McMurtry Baird and Stephanie Martin -- Invasive hemodynamic and oxygen transport monitoring during pregnancy / Nan H. Troiano And Sreedhar Gaddipati -- Mechanical ventilation during pregnancy / Nan H. Troiano and Thomas M. Jenkins -- Pharmacologic agents / Suzanne McMurtry Baird, Stephen D. Krau, and Michael A. Belfort -- Hypertension in pregnancy / Carol J. Harvey and Baha M. Sibai -- Cardiac disorders in pregnancy / Sreedhar Gaddipati and Nan H. Troiano -- Pulmonary disorders in pregnancy / Brian A. Mason and Karen Dorman -- Diabetic ketoacidosis and continuous insulin infusion management in pregnancy / Maribeth Inturrisi, Nancy C. Lintner, and Kimberlee Sorem -- Anesthesia emergencies in the obstetric setting / Patricia M. Witcher and Keith Mclendon -- Induction of labor / Washington C. Hill and Carol J. Harvey -- Acute renal failure /Betsy B. Kennedy, Carol J. Harvey, and George R. Saade -- Cardiopulmonary resuscitation in pregnancy / Deborah Anne Cruz, Patricia Marie Constanty, and Shailen S. Shah -- Obstetric hemorrhage / Carol J. Harvey and Gary A. Dildy -- Disseminated intravascular coagulation in pregnancy / Melissa C. Sisson and Marcy M. Mann -- Venous thromboembolism in pregnancy / Patricia M. Witcher and Lewis Hamner -- Sepsis in pregnancy / Julie M. R. Arafeh and Bonnie K. Dwyer -- Amniotic fluid embolus (anaphylactoid syndrome of pregnancy) / Renee' Jones and Steven L. Clark -- Perinatal infection / Patrick Duff -- Trauma in pregnancy / Donna Ruth and Richard S. Miller -- Maternal obesity : effects on pregnancy / Amy H. Picklesimer and Karen Dorman. 330 $aThis comprehensive analysis of critical care obstetrics concepts offers a summary of research findings and top-notch clinical expertise. Made for perinatal clinicians who provide care to pregnant women with high-risk or critical care conditions -- Cover. 517 3 $aHigh-risk and critical care obstetrics 606 $aObstetric Nursing$xmethods 606 $aCritical Care Nursing$xmethods 606 $aDelivery, Obstetric$xnursing 606 $aObstetric Labor Complications$xnursing 606 $aPregnancy Complications$xnursing 606 $aPregnancy, High-Risk 606 $aMaternity nursing 606 $aPregnancy$xComplications$xNursing 606 $aLabor (Obstetrics)$xComplications$xNursing 615 12$aObstetric Nursing$xmethods 615 22$aCritical Care Nursing$xmethods 615 22$aDelivery, Obstetric$xnursing 615 22$aObstetric Labor Complications$xnursing 615 22$aPregnancy Complications$xnursing 615 22$aPregnancy, High-Risk 615 0$aMaternity nursing. 615 0$aPregnancy$xComplications$xNursing. 615 0$aLabor (Obstetrics)$xComplications$xNursing. 676 $a618.2/0231 701 $aTroiano$b Nan H$01527650 701 $aWitcher$b Patricia M$01527651 701 $aBaird$b Suzanne McMurtry$01527652 712 02$aAssociation of Women's Health, Obstetric, and Neonatal Nurses. 801 0$bDNLM/DLC 801 1$bDLC 801 2$bDLC 906 $aBOOK 912 $a9910793380203321 996 $aHigh-risk & critical care obstetrics$93770673 997 $aUNINA